000 00882nam a22002417a 4500
005 20240530110520.0
008 160216s2013 su ao g b 000 0 ara d
017 _a1433/6848
_bالسعودية . مكتبة الملك فهد الوطنية
020 _a9786038120057
040 _aEG-CaGPL
082 0 4 _221
_a371.912\
_bس ت
100 0 _aسحر منصور القطاوى .
245 1 2 _aالتدريب الميدانى فى مجال العوق السمعى /
_cسحر منصور القطاوى .
250 _aط1.
260 _aالرياض :
_bدار الزهراء ،
_c2013 .
300 _a207 ص :
_bايض ؛
_c24 سم .
504 _aببليوجرافية : ص 197 - 202
650 0 4 _aالصم .
650 0 4 _aصعوبات التعلم .
650 0 4 _aعلم النفس التربوى .
942 _2ddc
_cBK
999 _c61867
_d61867